000
00331nam a2200145Ia 4500
100
_a
Meadows/James D
942
_c
RB
366
_f
25
654
_a
dimensioning
245
_a
Geometric dimensioning and tolerancing
260
_b
Marcel Dekker
_c
1995
082
_a
620.0045
_b
MEA
300
_a
603
546
_a
ENGLISH
_c
Info.Tech
999
_c
31948
_d
31948